Grandi successi di Achille Togliani (I) (Record n. 99982)
[ formato base ]
| 000 -LEADER | |
|---|---|
| fixed length control field | 03726njm a2200553Ia 4500 |
| 001 - CONTROL NUMBER | |
| control field | 25665 |
| 003 - CONTROL NUMBER IDENTIFIER | |
| control field | IT-RoPAU |
| 005 - DATE AND TIME OF LATEST TRANSACTION | |
| control field | 20220918181123.0 |
| 008 - FIXED-LENGTH DATA ELEMENTS--GENERAL INFORMATION | |
| fixed length control field | 131025s9999 xx 000 0 und d |
| 040 ## - CATALOGING SOURCE | |
| Original cataloging agency | IT-RoPAU |
| 040 ## - CATALOGING SOURCE | |
| Transcribing agency | IT-RoPAU |
| 041 ## - LANGUAGE CODE | |
| Language code of text/sound track or separate title | ITALIANO |
| 999 ## - SYSTEM CONTROL NUMBERS (KOHA) | |
| Koha Dewey Subclass [OBSOLETE] | n.d. |
| 100 ## - MAIN ENTRY--PERSONAL NAME | |
| Personal name | AA.VV. |
| 9 (RLIN) | 794 |
| 100 ## - MAIN ENTRY--PERSONAL NAME | |
| Relator term | Autore musica |
| 9 (RLIN) | 13289 |
| 100 ## - MAIN ENTRY--PERSONAL NAME | |
| Miscellaneous information | Codice autore musica SPICS: 12000 |
| 9 (RLIN) | 796 |
| 245 ## - TITLE STATEMENT | |
| Title | Grandi successi di Achille Togliani (I) |
| 250 ## - EDITION STATEMENT | |
| Edition statement | 1a ed. |
| 260 ## - PUBLICATION, DISTRIBUTION, ETC. (IMPRINT) | |
| Place of publication, distribution, etc. | TORINO |
| 260 ## - PUBLICATION, DISTRIBUTION, ETC. (IMPRINT) | |
| Name of publisher, distributor, etc. | FONIT CETRA |
| Date of publication, distribution, etc. | 1980 [1a Ed.:1980 - Ed. Lingua Orig.: 1980] |
| 300 ## - PHYSICAL DESCRIPTION | |
| Extent | DISCO |
| 300 ## - PHYSICAL DESCRIPTION | |
| Dimensions | 40 minuti (Testo: pag.) |
| 500 ## - GENERAL NOTE | |
| General note | Canzone italiana. Grandi successi interpretati da Achille Togliani |
| 505 ## - FORMATTED CONTENTS NOTE | |
| Formatted contents note | Signorinella (3:00) - Parlami d'amore Mariù (4:00) - Chi siete (3:00) - Addio signora (3:00) - La signora di trent'anni fa (4:00) - Cara piccina (3:00) - Non so dir ti voglio bene (4:00) - Accarezzame (4:00) - Lasciami cantare una canzone (4:00) - Ti chiedo solo di volermi bene (4:00) - Un po' all'antica (4:00) - Non si compra la fortuna (4:00) |
| 650 ## - SUBJECT ADDED ENTRY--TOPICAL TERM | |
| Topical term or geographic name as entry element | CANZONE ITALIAN [DISCHI] |
| Relator term | Codice MATERIA SPICS: 9950 |
| 9 (RLIN) | 13290 |
| 700 ## - ADDED ENTRY--PERSONAL NAME | |
| Personal name | Togliani Achille |
| Miscellaneous information | Codice interprete SPICS: 11546 |
| Relator term | Interprete |
| 9 (RLIN) | 13291 |
| 700 ## - ADDED ENTRY--PERSONAL NAME | |
| Personal name | Bovio Libero |
| Miscellaneous information | Codice autore musica SPICS: 13462 |
| Relator term | Autore musica |
| Name of part/section of a work | Signorinella - Cara piccina |
| 9 (RLIN) | 13294 |
| 700 ## - ADDED ENTRY--PERSONAL NAME | |
| Personal name | Valente Nicola |
| Miscellaneous information | Codice autore testo/musica SPICS: 13463 |
| Relator term | Autore testo/musica |
| Name of part/section of a work | Signorinella |
| 9 (RLIN) | 13295 |
| 700 ## - ADDED ENTRY--PERSONAL NAME | |
| Personal name | Neri Ennio |
| Miscellaneous information | Codice autore musica SPICS: 13457 |
| Relator term | Autore musica |
| Name of part/section of a work | Parlami d'amore Mariù - Addio signora |
| 9 (RLIN) | 13296 |
| 700 ## - ADDED ENTRY--PERSONAL NAME | |
| Personal name | Bixio Cesare Andrea |
| Miscellaneous information | Codice autore testo/musica SPICS: 13441 |
| Relator term | Autore testo/musica |
| Name of part/section of a work | Parlami d'amore Mariù - Lasciami cantare una canzone |
| 9 (RLIN) | 13297 |
| 700 ## - ADDED ENTRY--PERSONAL NAME | |
| Personal name | Cosentino Saro |
| Miscellaneous information | Codice autore musica SPICS: 13459 |
| Relator term | Autore musica |
| Name of part/section of a work | Chi siete |
| 9 (RLIN) | 13298 |
| 700 ## - ADDED ENTRY--PERSONAL NAME | |
| Personal name | De Filippis Tommaso |
| Miscellaneous information | Codice autore testo/musica SPICS: 13433 |
| Relator term | Autore testo/musica |
| Name of part/section of a work | Chi siete |
| 9 (RLIN) | 13299 |
| 700 ## - ADDED ENTRY--PERSONAL NAME | |
| Personal name | Simi Gino |
| Miscellaneous information | Codice autore musica SPICS: 13456 |
| Relator term | Autore musica |
| Name of part/section of a work | Addio signora |
| 9 (RLIN) | 13300 |
| 700 ## - ADDED ENTRY--PERSONAL NAME | |
| Personal name | Leoni Guido |
| Miscellaneous information | Codice autore musica SPICS: 13455 |
| Relator term | Autore musica |
| Name of part/section of a work | La signora di trent'anni fa |
| 9 (RLIN) | 13301 |
| 700 ## - ADDED ENTRY--PERSONAL NAME | |
| Personal name | Natali Nuccia |
| Miscellaneous information | Codice autore testo/musica SPICS: 13454 |
| Relator term | Autore testo/musica |
| Name of part/section of a work | La signora di trent'anni fa |
| 9 (RLIN) | 13302 |
| 700 ## - ADDED ENTRY--PERSONAL NAME | |
| Personal name | Lama Gaetano |
| Miscellaneous information | Codice autore testo/musica SPICS: 13468 |
| Relator term | Autore testo/musica |
| Name of part/section of a work | Cara piccina |
| 9 (RLIN) | 13303 |
| 700 ## - ADDED ENTRY--PERSONAL NAME | |
| Personal name | Giovannini Sandro |
| Miscellaneous information | Codice autore musica SPICS: 13634 |
| Relator term | Autore musica |
| Name of part/section of a work | Non so dir ti voglio bene |
| 9 (RLIN) | 13304 |
| 700 ## - ADDED ENTRY--PERSONAL NAME | |
| Personal name | Garinei Pietro |
| Miscellaneous information | Codice autore SPICS: 13576 |
| Relator term | Autore |
| Name of part/section of a work | Non so dir ti voglio bene |
| 9 (RLIN) | 13305 |
| 700 ## - ADDED ENTRY--PERSONAL NAME | |
| Personal name | Kramer Gorni |
| Miscellaneous information | Codice autore testo/musica SPICS: 11552 |
| Relator term | Autore testo/musica |
| Name of part/section of a work | Non so dir ti voglio bene |
| 9 (RLIN) | 13306 |
| 700 ## - ADDED ENTRY--PERSONAL NAME | |
| Personal name | Calvi Gianfranco |
| Miscellaneous information | Codice autore musica SPICS: 15955 |
| Relator term | Autore musica |
| Name of part/section of a work | Accarezzame |
| 9 (RLIN) | 13307 |
| 700 ## - ADDED ENTRY--PERSONAL NAME | |
| Personal name | Nisa (Salerno Nicola) |
| Miscellaneous information | Codice autore testo/musica SPICS: 13452 |
| Relator term | Autore testo/musica |
| Name of part/section of a work | Accarezzame - Non si compra la fortuna |
| 9 (RLIN) | 13308 |
| 700 ## - ADDED ENTRY--PERSONAL NAME | |
| Personal name | Cozzoli Michele |
| Miscellaneous information | Codice autore musica SPICS: 13648 |
| Relator term | Autore musica |
| Name of part/section of a work | Lasciami cantare una canzone |
| 9 (RLIN) | 13309 |
| 700 ## - ADDED ENTRY--PERSONAL NAME | |
| Personal name | D'Anzi Giovanni |
| Miscellaneous information | Codice autore testo/musica SPICS: 13458 |
| Relator term | Autore testo/musica |
| Name of part/section of a work | Ti chiedo solo di volermi bene |
| 9 (RLIN) | 13310 |
| 700 ## - ADDED ENTRY--PERSONAL NAME | |
| Personal name | Beretta Luciano |
| Miscellaneous information | Codice autore musica SPICS: 13864 |
| Relator term | Autore musica |
| Name of part/section of a work | Un po' all'antica |
| 9 (RLIN) | 13311 |
| 700 ## - ADDED ENTRY--PERSONAL NAME | |
| Personal name | Testa Michele (=Gill Armando) |
| Miscellaneous information | Codice autore SPICS: 13131 |
| Relator term | Autore |
| Name of part/section of a work | Un po' all'antica |
| 9 (RLIN) | 13312 |
| 700 ## - ADDED ENTRY--PERSONAL NAME | |
| Personal name | Romanini |
| Miscellaneous information | Codice autore testo/musica SPICS: 27761 |
| Relator term | Autore testo/musica |
| Name of part/section of a work | Un po' all'antica |
| 9 (RLIN) | 13313 |
| 700 ## - ADDED ENTRY--PERSONAL NAME | |
| Personal name | Redi Gino |
| Miscellaneous information | Codice autore musica SPICS: 13451 |
| Relator term | Autore musica |
| Name of part/section of a work | Non si compra la fortuna |
| 9 (RLIN) | 13314 |
| 942 ## - ADDED ENTRY ELEMENTS (KOHA) | |
| Koha item type | DISCHI |
| Source of classification or shelving scheme | Dewey Decimal Classification |
| Withdrawn status | Lost status | Damaged status | Not for loan | Home library | Current library | Date acquired | Total Checkouts | Full call number | Date last seen | Price effective from | Koha item type | Public note |
|---|---|---|---|---|---|---|---|---|---|---|---|---|
| Buone Condizioni | Not For Loan | SPICS-MEDIATECA | SPICS-MEDIATECA | 25/10/2013 | 25665 | 25/10/2013 | 25/10/2013 | DISCHI | Progr. Ins.: 5539 / N.Vol.: 1 / Copie: 1 - Copia rara: n.d. / date import: 01.01.2014 - By Epidotti, Trombetti, Vaglietti |